Broken dreams, wounded hearts: (Record no. 14753)

000 -LEADER
fixed length control field 00646nam a2200205 a 4500
001 - CONTROL NUMBER
control field :::00012587$&:&@@
003 - CONTROL NUMBER IDENTIFIER
control field OkBaRHE
005 - DATE AND TIME OF LATEST TRANSACTION
control field 20000607103420.0
008 - FIXED-LENGTH DATA ELEMENTS--GENERAL INFORMATION
fixed length control field s1987 j 000 0 eng u
040 ## - CATALOGING SOURCE
Transcribing agency
100 1# - MAIN ENTRY--PERSONAL NAME
Personal name Glassford, Greg.
245 10 - TITLE STATEMENT
Title Broken dreams, wounded hearts:
Remainder of title a parent's guide to teenage rebellion.
260 ## - PUBLICATION, DISTRIBUTION, ETC. (IMPRINT)
Place of publication, distribution, etc Tulsa, OK., :
Name of publisher, distributor, etc Harrison House
Date of publication, distribution, etc c1987
300 ## - PHYSICAL DESCRIPTION
Extent 149 p. ;
Dimensions 18 cm.
650 ## - SUBJECT ADDED ENTRY--TOPICAL TERM
Topical term or geographic name as entry element Adolescent Psychology
650 ## - SUBJECT ADDED ENTRY--TOPICAL TERM
Topical term or geographic name as entry element Parent and Child
650 ## - SUBJECT ADDED ENTRY--TOPICAL TERM
Topical term or geographic name as entry element Problem Children
942 ## - ADDED ENTRY ELEMENTS (KOHA)
Source of classification or shelving scheme
Koha item type Books
Copies
Not for loan Price effective from Date acquired Barcode Permanent Location Copy number Date last seen Shelving location Lost status Full call number Damaged status Koha item type Source of classification or shelving scheme Withdrawn status
 2010-04-142010-04-1412587RHEMA Bible Training College12010-04-14General Stacks HQ 773 .G559 Books